000 01082nam a22003377a 4500
003 CHAP
005 20220329135645.0
008 971013s1965 r 00010 d
010 _a40041
011 _a41013
035 _a45139
040 _cCHAP
082 _a338.372
_bE83 1963
110 _aE.U.A. Fish and Wildlife Service
_934928
245 _aFishery statistics of the United States, 1963
260 _aWashington :
_bGovernnment Printing Office,
_c1965
300 _a522 p.
_b: ilus.
490 _aStatistical digest
_v; 57
590 _aBATCH-UPD
_b10
_c20130110
_lUCH01
_h0127
590 _aBATCH-UPD
_b10
_c20130110
_lUCH01
_h1714
590 _aBATCH-UPD
_b10
_c20130410
_lUCH01
_h1059
590 _aBATCH-UPD
_b10
_c20130914
_lUCH01
_h1736
590 _aCONVERSION
_b10
_c20130109
_lUCH01
_h1322
650 1 4 _aPesca
_xE.U.A.
_987374
650 1 4 _aPesca
_xEstadísticas.
_987379
700 0 _aLyles, Charles H.
_969270
830 0 _aStatistical digest
_v; 57
_9109518
901 _aBK
942 _cLIBRO
949 _a338.372 E83 1963
_bBC
_cBPA
_d-103285
_eBPA
_h5984
_i45139
_si
999 _c40041
_d40041